| 000 | 01116cam a2200337 a 4500 | ||
|---|---|---|---|
| 001 | 15564178 | ||
| 005 | 20170105102852.0 | ||
| 008 | 081220s2009 caub 000 0 eng | ||
| 010 | _a 2008944007 | ||
| 020 | _a9781848607705 (hb) | ||
| 020 | _a1848607709 (hb) | ||
| 020 | _a9781848607712 (pb) | ||
| 020 | _a1848607717 (pb) | ||
| 040 |
_aDLC _cDLC |
||
| 050 | 0 | 0 |
_aLB1050.5 _b.A73 2009 |
| 082 | _a371.102 | ||
| 245 | 0 | 0 |
_aApproaching difficulties in literacy development : _bassessments, pedagogy and programmes / _c[edited by] Felecity Fletcher-Campbell, Janet Soler, Gavin Reid. |
| 250 | _a1st ed. | ||
| 260 |
_aThousand Oaks, CA : _bSAGE Publications, _c2009. |
||
| 300 |
_ax, 310 p. : _bill. ; _c24 cm. |
||
| 504 | _aIncludes bibliographical references and index. | ||
| 650 | 0 | _aReading disability. | |
| 650 | 0 |
_aReading _xRemedial teaching. |
|
| 650 | 0 | _aLiteracy. | |
| 700 | 1 | _aFletcher-Campbell, Felicity. | |
| 700 | 1 | _aSoler, Janet. | |
| 700 | 1 |
_aReid, Gavin, _d1950- |
|
| 906 |
_a7 _bcbc _corignew _d2 _eepcn _f20 _gy-gencatlg |
||
| 942 |
_2ddc _cBK |
||
| 999 |
_c14340 _d14340 |
||